000 00432nam a2200157Ia 4500
008 151213s9999 xx 000 0 und d
020 _a901618462
100 _aThe British Council
245 _aELT. Documents110 Focus on the Teacher
_cThe British Council
260 _aLondon
_bThe British Council
_c1981
300 _a4476 p.
650 _aEnglish
650 _aEnglish Language
700 _aThe British Council
999 _c2851
_d2851